Quân và dân Nghệ An với việc thực hiện nhiệm vụ quốc tế ở Lào trong kháng chiến chống thực dân Pháp (1945-1954) /

Gorde:
Xehetasun bibliografikoak
Egile nagusia: Bùi Văn Hào.
Formatua: Artikulua
Hizkuntza:Vietnamese
Gaiak:
Etiketak: Etiketa erantsi
Etiketarik gabe, Izan zaitez lehena erregistro honi etiketa jartzen!
Thư viện lưu trữ: Thư viện Trường Đại học Đà Lạt
LEADER 00900nam a2200277 4500
001 DLU180184555
005 ##20180418
040 # # |a DLU  |b vie 
041 # # |a vie 
044 # # |a vn 
100 # # |a Bùi Văn Hào. 
245 # # |a Quân và dân Nghệ An với việc thực hiện nhiệm vụ quốc tế ở Lào trong kháng chiến chống thực dân Pháp (1945-1954) /  |c Bùi Văn Hào. 
653 # # |a Nghệ An 
653 # # |a Giai đoạn 1954-1975 
653 # # |a Kháng chiến chống Pháp  
653 # # |a Lào 
653 # # |a Nhiệm vụ quốc tế 
773 # # |t Nghiên cứu lịch sử  |g Số 5(469), 2015, tr. 39-44 
920 # # |a Phòng Tạp chí -- Trung tâm Thông tin - Thư viện Trường Đại học Đà Lạt 
900 # # |a True 
911 # # |a Nguyễn Thị Thu Phương 
925 # # |a G 
926 # # |a A 
927 # # |a BB 
980 # # |a Thư viện Trường Đại học Đà Lạt